Languages A-Z - Statistics

General Stats
  • This quiz has been taken 250 times
    128 since last reset
  • The average score is 20 of 26
Answer Stats
Letter Hint Language % Correct
A Spoken around the Middle East Arabic
99%
C Language of the Czech Republic Czech
96%
D Language spoken in the Netherlands Dutch
96%
H Official language of Israel Hebrew
96%
F Romance language spoken in many African countries French
92%
L Dead language of ancient Rome Latin
92%
R Romance language spoken in Eastern Europe Romanian
88%
N Spoken in one of the countries between India and China Nepali
85%
E Uralic language spoken in one of the Baltic States Estonian
83%
P Most commonly spoken language of Iran Persian
81%
V Language spoken in a Southeast Asian country Vietnamese
81%
I North Germanic language of a Nordic Country Icelandic
80%
Z Most Spoken language in South Africa Zulu
79%
S African language spoken around Kenya and Tanzania Swahili
76%
U Spoken in a former USSR country in Central Asia Uzbek
76%
G Spoken in one of the Caucusus countries Georgian
75%
J Language of Indonesia's most populous island Javanese
71%
K The language spoken in Cambodia Khmer
71%
T Language of the Philippines Tagalog
71%
W Chinese language spoken around Shanghai Wu
67%
X One of several officials languages of South Africa Xhosa
64%
B Language spoken in North Africa Berber
59%
Q Native language mainly spoken in Peru Quechua
59%
M Most spoken language in Madagascar Malagasy
54%
Y Language with the 2nd most native speakers in Nigeria Yoruba
53%
O Language originating in Orissa, India Oriya
28%
No matching quizzes found
Score Distribution
Percent of People with Each Score
Percentile by Number Answered
Your Score History
You have not taken this quiz since the last reset